000 00227nam a2200073Ia 4500
008 170817s9999 xx 000 0 und d
100 _aThamarasseri.Ismail
245 0 _aInformation And Communication Technology In Education
260 _bKanishka Publishers Delhi
999 _c39160
_d39160